| Tag |
First Indicator |
Second Indicator |
Subfields |
| LEADER |
00000cam a2200000 i 4500 |
| 001 |
in00004400913 |
| 005 |
20210123195338.0 |
| 006 |
m fo d f |
| 007 |
cr bn nnnauuuu |
| 008 |
150121s1990 dcuab ob f000 0 eng d |
| 035 |
|
|
|a ccn00515472
|
| 040 |
|
|
|a NjRocCCS
|b eng
|e rda
|c NjRocCCS
|
| 043 |
|
|
|a n-us---
|
| 050 |
|
4 |
|a KF26
|b .B39424 1989a
|
| 074 |
|
|
|a 1035-C
|
| 086 |
0 |
|
|a Y 4.B 22/3:S.HRG.101-479
|
| 110 |
1 |
|
|a United States.
|b Congress.
|b Senate.
|b Committee on Banking, Housing, and Urban Affairs.
|b Subcommittee on Consumer and Regulatory Affairs,
|e author.
|
| 245 |
1 |
0 |
|a Discrimination in home mortgage lending :
|b hearing before the Subcommittee on Consumer and Regulatory Affairs of the Committee on Banking, Housing, and Urban Affairs, United States Senate, One Hundred First Congress, first session on statistical evidence of discrimination currently available and recommendations for what more needs to be done to eliminate discrimination in home mortgage lending, October 24, 1989.
|
| 264 |
|
1 |
|a Washington :
|b U.S. Government Printing Office,
|c 1990.
|
| 264 |
|
2 |
|a Washington, DC :
|b For sale by the Superintendent of Documents, Congressional Sales Office, U.S. Government Printing Office
|
| 264 |
3 |
2 |
|a [Getzville, New York] :
|b William S. Hein and Company,
|c [2014]
|
| 300 |
|
|
|a 1 online resource (iii, 305 pages) :
|b illustrations, map.
|
| 336 |
|
|
|a text
|b txt
|2 rdacontent
|
| 337 |
|
|
|a computer
|b c
|2 rdamedia
|
| 338 |
|
|
|a online resource
|b cr
|2 rdacarrier
|
| 490 |
1 |
|
|a HeinOnline U.S. Congressional documents. Congressional hearings
|
| 490 |
1 |
|
|a S. hrg. ;
|v 101-479
|
| 490 |
1 |
|
|a HeinOnline civil rights and social justice
|
| 588 |
|
|
|a Description based on PDF title page, viewed January 21, 2015.
|
| 504 |
|
|
|a Includes bibliographical references (pages 250-258).
|
| 650 |
|
0 |
|a Discrimination in mortgage loans
|z United States.
|
| 650 |
|
0 |
|a Mortgage loans
|x Law and legislation
|z United States.
|
| 650 |
|
0 |
|a Bank loans
|z United States.
|
| 655 |
|
7 |
|a Electronic books.
|2 local
|
| 655 |
|
7 |
|a Legislative hearings.
|2 lcgft
|
| 776 |
0 |
8 |
|c Original
|w (DLC) 90600713
|
| 810 |
1 |
|
|a United States.
|b Congress.
|b Senate.
|t S. hrg. ;
|v 101-479.
|
| 830 |
|
0 |
|a U.S. Congressional documents.
|p Congressional hearings.
|
| 830 |
|
0 |
|a Civil rights and social justice.
|
| 856 |
4 |
0 |
|u http://proxy.library.tamu.edu/login?url=https://www.heinonline.org/HOL/Page?handle=hein.cbhear/dhml0001&id=1&size=2&collection=civil&index=civil
|z Connect to the full text of this electronic book
|t 0
|
| 949 |
|
|
|a KF 26 .B39424 1989a
|w LC
|c 1
|i 515472-1001
|d 9/14/2020
|l MAIN
|m HEN
|r Y
|s Y
|t WEB
|u 1/21/2015
|x ENG
|z N-US
|
| 999 |
f |
f |
|s d9aa0bdd-d6f3-3d13-bf9f-ec508eacf519
|i 845687cf-bf2c-3299-bd3d-7453d4f273b6
|t 0
|
| 952 |
f |
f |
|a Texas A&M University
|b College Station
|c Electronic Resources
|d Available Online
|t 0
|e KF26 .B39424 1989a
|h Library of Congress classification
|
| 998 |
f |
f |
|a KF26 .B39424 1989a
|t 0
|l Available Online
|